Títeres /

Guardado en:
Autor Principal: Bernardo, Mané
Formato: Libro
Publicado: Buenos Aires : Latina, 1972
Materias:
Etiquetas: Agregar Etiqueta
Sin Etiquetas, Sea el primero en etiquetar este registro!
LEADER 00471nam a22001815a 4500
001 CEM.cems001024
005 20060213000000.0
008 130507s1972##################000#0#####d
003 CEMS
082 0 4 |a 371.895 
100 1 |a Bernardo, Mané 
245 1 0 |a Títeres / 
260 |a Buenos Aires :  |b Latina,  |c 1972 
300 |a 165 p. 
653 |a Teatro escolar 
653 |a Titeres 
653 |a Titeres escolares 
859 |a CEMS  |b BIB. CEMS - 11 de abril  |h 371.895  |i B456-1  |p 7940.80  |t Ej.1